Kaupunkeja maittain - Laattavalinta #1 - Statistics

Yleistilastot
  • Tätä visaa on pelattu 546 kertaa
  • Keskiarvotulos 45 / 60
Vastaustilastot
Kysymys Laatta Select % Oikein
Brasiliassa sijaitsevat kaupungit Rio de Janeiro Kyllä
97%
Ranskassa sijaitsevat kaupungit Pariisi Kyllä
95%
Intiassa sijaitsevat kaupungit Mumbai Kyllä
93%
Ranskassa sijaitsevat kaupungit Zaragoza Ei
93%
Meksikossa sijaitsevat kaupungit Panama Ei
92%
Brasiliassa sijaitsevat kaupungit São Paulo Kyllä
92%
Venäjällä sijaitsevat kaupungit Vladivostok Kyllä
92%
Intiassa sijaitsevat kaupungit Colombo Ei
91%
Brasiliassa sijaitsevat kaupungit Buenos Aires Ei
90%
Venäjällä sijaitsevat kaupungit Ulaanbaatar Ei
90%
Intiassa sijaitsevat kaupungit Chongqing Ei
89%
Ranskassa sijaitsevat kaupungit Monaco Ei
89%
Venäjällä sijaitsevat kaupungit Novosibirsk Kyllä
89%
Ranskassa sijaitsevat kaupungit Palermo Ei
89%
Venäjällä sijaitsevat kaupungit Sapporo Ei
89%
Venäjällä sijaitsevat kaupungit Tbilisi Ei
89%
Ranskassa sijaitsevat kaupungit Yaoundé Ei
89%
Meksikossa sijaitsevat kaupungit Bilbao Ei
88%
Ranskassa sijaitsevat kaupungit Bordeaux Kyllä
88%
Intiassa sijaitsevat kaupungit Kalkutta Kyllä
88%
Ranskassa sijaitsevat kaupungit Lyon Kyllä
88%
Venäjällä sijaitsevat kaupungit Ürümqi Ei
88%
Ranskassa sijaitsevat kaupungit Gent Ei
87%
Brasiliassa sijaitsevat kaupungit La Paz Ei
87%
Ranskassa sijaitsevat kaupungit Toulouse Kyllä
87%
Venäjällä sijaitsevat kaupungit Almaty Ei
86%
Meksikossa sijaitsevat kaupungit Malabo Ei
86%
Venäjällä sijaitsevat kaupungit Sotši Kyllä
83%
Intiassa sijaitsevat kaupungit Lhasa Ei
82%
Brasiliassa sijaitsevat kaupungit Cochabamba Ei
81%
Venäjällä sijaitsevat kaupungit Nižni Novgorod Kyllä
81%
Intiassa sijaitsevat kaupungit Thimphu Ei
81%
Ranskassa sijaitsevat kaupungit Geneva Ei
80%
Venäjällä sijaitsevat kaupungit Harkova Ei
79%
Brasiliassa sijaitsevat kaupungit Córdoba Ei
77%
Intiassa sijaitsevat kaupungit Karachi Ei
76%
Meksikossa sijaitsevat kaupungit Tucson Ei
76%
Meksikossa sijaitsevat kaupungit Acapulco Kyllä
75%
Intiassa sijaitsevat kaupungit Chittagong Ei
75%
Meksikossa sijaitsevat kaupungit San Diego Ei
75%
Brasiliassa sijaitsevat kaupungit Valparaíso Ei
75%
Ranskassa sijaitsevat kaupungit Lille Kyllä
74%
Intiassa sijaitsevat kaupungit Jaipur Kyllä
72%
Meksikossa sijaitsevat kaupungit Tijuana Kyllä
72%
Venäjällä sijaitsevat kaupungit Donetsk Ei
69%
Meksikossa sijaitsevat kaupungit Guadalajara Kyllä
68%
Meksikossa sijaitsevat kaupungit Tegucigalpa Ei
65%
Brasiliassa sijaitsevat kaupungit Manaus Kyllä
56%
Meksikossa sijaitsevat kaupungit Cabo San Lucas Kyllä
55%
Venäjällä sijaitsevat kaupungit Ufa Kyllä
53%
Meksikossa sijaitsevat kaupungit El Paso Ei
47%
Intiassa sijaitsevat kaupungit Patna Kyllä
47%
Brasiliassa sijaitsevat kaupungit Recife Kyllä
43%
Intiassa sijaitsevat kaupungit Agra Kyllä
42%
Intiassa sijaitsevat kaupungit Ahmedabad Kyllä
42%
Meksikossa sijaitsevat kaupungit Monterrey Kyllä
42%
Brasiliassa sijaitsevat kaupungit Belém Kyllä
39%
Ranskassa sijaitsevat kaupungit Ajaccio Kyllä
38%
Brasiliassa sijaitsevat kaupungit Curitiba Kyllä
37%
Brasiliassa sijaitsevat kaupungit Salvador Kyllä
35%
Ehtoja vastaavia visoja ei löytynyt
Tulosjakauma
Jokaisen tuloksen saaneiden osuus
Persentiili vastausten määrän mukaan
Tuloshistoriasi
Et ole pelannut tätä visaa